| 000 | 00962cam a22001934a 4500 | ||
|---|---|---|---|
| 005 | 20250605163928.0 | ||
| 008 | 250528s ||||||||||||||||||||||||d | ||
| 035 | _a14602 | ||
| 020 | _a6313008 | ||
| 040 |
_aGR-AtMCL _bgre _dGR-AtMCL _eAACR2 |
||
| 245 | 1 | _aPhysiological Psychology / A Unit for Introductory Psychology | |
| 260 |
_bAddison-Wesley Publishing Company, _c1963 |
||
| 300 | _a186 | ||
| 520 | _aPsychology and the Science of Behavior, The Cell and Fundamental Unit of Living Organisms, The Neuron and Basic Unit of the Brain, The Nature of Nerve Impulses, The Frequency Code, Synapses: Decision Points in the Nervous System, Reflexes, The Central Nervous System, Experimental Techniques of Physiological Psychology, The Cortex, The Nervous System and Emotion, Levels of Nervous System Control of Sexual Behavior, Learning and the Nervous System, Reviews. | ||
| 700 | 1 |
_aDaniel Porter Kimble _9327 |
|
| 942 | _cBK | ||
| 999 |
_c226 _d226 |
||